zpět

Detail výsledku týmu

Bar 12 opic, Prostějov

Datum a čas kvízu

16 Celkem bodů Celkový počet nahraných bodů na tomto kvízu bez doplňovacích otázek.
8. Pořadí na kvízu Konečné umístění týmu na tomto kvízu.

Zaznamenané odpovědi

# Otázka Odpověď Body Výsledky
1. V pondělí se málem naplnila sl... Konrad 0
2. Slavný americký rapper minulý... Kanye West 1
3. Letní filmovou školu v Uherské... Václav Havel 0
4. Do konce června museli čeští p... Ivo Valenta 0
5. Fotbalisté Baníku Ostrava se p... proti chovu slepic v klecích 1
6. Toto téma začneme poněkud netr... Manželství na zkoušku/manželství na rok a den. 0
7. Kromě Yoko Ono, i další manžel... Ringo Starr 0
8. Jedna z chotí československých... D 1
9. Slavná americká herečka Elizab... Paul Newman 0
10. Mysteriózní komediální americk... 1C 2A 3B 4D 0